[Event "DVM U16w 2023"]
[Site "Magdeburg GER"]
[Date "2023.12.29"]
[Round "6"]
[White "Modali, Nikhilamrutha"]
[Black "Müller, Cosima"]
[Result "0-1"]
[Termination "normal"]
[Board "3.2"]
[WhiteElo "1281"]
[BlackElo "1462"]
[WhiteClock "00:47:49"]
[BlackClock "00:38:15"]
[WhiteTeam "Hamburger SK 1830"]
[BlackTeam "SSV Altenberg"]
[PlyCount "52"]
[WhiteFideId "16282370"]
[BlackFideId "34601490"]
[EventCountry "GER"]
[EventRounds "7"]
[EventType "team-swiss"]
[EventDate "2023.12.26"]

1. e4 {[%clk 01:30:58]} {[%emt 00:00:02]} c5 {[%clk 01:30:55]} {[%emt
00:00:06]} 2. Nf3 {[%clk 01:31:22]} {[%emt 00:00:05]} Nc6 {[%clk 01:31:20]}
{[%emt 00:00:05]} 3. d4 {[%clk 01:31:49]} {[%emt 00:00:03]} cxd4 {[%clk
01:31:45]} {[%emt 00:00:05]} 4. Nxd4 {[%clk 01:32:16]} {[%emt 00:00:03]} g6
{[%clk 01:32:09]} {[%emt 00:00:06]} 5. Nc3 {[%clk 01:31:23]} {[%emt 00:01:24]}
Bg7 {[%clk 01:32:32]} {[%emt 00:00:06]} 6. Be3 {[%clk 01:31:49]} {[%emt
00:00:04]} Nf6 {[%clk 01:32:57]} {[%emt 00:00:05]} 7. f3 {[%clk 01:32:09]}
{[%emt 00:00:10]} O-O {[%clk 01:33:00]} {[%emt 00:00:27]} 8. Qd2 {[%clk
01:32:05]} {[%emt 00:00:35]} d5 {[%clk 01:30:39]} {[%emt 00:02:50]} 9. exd5
{[%clk 01:30:35]} {[%emt 00:02:00]} Nxd5 {[%clk 01:30:22]} {[%emt 00:00:47]}
10. Nxc6 {[%clk 01:28:23]} {[%emt 00:02:42]} bxc6 {[%clk 01:26:56]} {[%emt
00:03:56]} 11. Bh6 {[%clk 01:24:04]} {[%emt 00:04:49]} Bxh6 {[%clk 01:12:03]}
{[%emt 00:15:23]} 12. Qxh6 {[%clk 01:24:25]} {[%emt 00:00:09]} Nxc3 {[%clk
01:11:30]} {[%emt 00:01:03]} 13. bxc3 {[%clk 01:24:51]} {[%emt 00:00:05]} Qa5
{[%clk 01:07:53]} {[%emt 00:04:06]} 14. Qe3 {[%clk 01:22:10]} {[%emt 00:03:11]}
Bf5 {[%clk 01:07:13]} {[%emt 00:01:08]} 15. Bd3 {[%clk 01:12:14]} {[%emt
00:10:29]} Qxc3+ {[%clk 01:06:51]} {[%emt 00:00:52]} 16. Kf2 {[%clk 01:12:40]}
{[%emt 00:00:03]} Rfd8 {[%clk 00:59:32]} {[%emt 00:07:42]} 17. Rhd1 {[%clk
01:06:19]} {[%emt 00:06:58]} Bxd3 {[%clk 00:48:59]} {[%emt 00:11:03]} 18. cxd3
{[%clk 01:03:54]} {[%emt 00:02:56]} Rab8 {[%clk 00:41:11]} {[%emt 00:08:17]}
19. Rac1 {[%clk 00:56:56]} {[%emt 00:07:29]} Rb2+ {[%clk 00:39:01]} {[%emt
00:02:40]} 20. Kg1 {[%clk 00:57:06]} {[%emt 00:00:19]} Qf6 {[%clk 00:38:12]}
{[%emt 00:01:19]} 21. Qxa7 {[%clk 00:52:17]} {[%emt 00:05:18]} Qg5 {[%clk
00:37:41]} {[%emt 00:01:01]} 22. g3 {[%clk 00:51:54]} {[%emt 00:00:53]} Qh5
{[%clk 00:37:28]} {[%emt 00:00:42]} 23. Qe3 {[%clk 00:46:32]} {[%emt 00:05:54]}
Qxh2+ {[%clk 00:37:41]} {[%emt 00:00:17]} 24. Kf1 {[%clk 00:47:00]} {[%emt
00:00:03]} Qg2+ {[%clk 00:38:00]} {[%emt 00:00:10]} 25. Ke1 {[%clk 00:47:23]}
{[%emt 00:00:06]} Qh1+ {[%clk 00:38:19]} {[%emt 00:00:11]} 26. Qg1 {[%clk
00:47:49]} {[%emt 00:00:05]} Qxg1# {[%clk 00:38:15]} {[%emt 00:00:04]} 0-1

[Event "DVM U16w 2023"]
[Site "Magdeburg GER"]
[Date "2023.12.29"]
[Round "6"]
[White "Glotz, Diana"]
[Black "Krasikova, Milana"]
[Result "1-0"]
[Termination "normal"]
[Board "3.3"]
[WhiteElo "1420"]
[BlackElo "1290"]
[WhiteClock "00:24:20"]
[BlackClock "00:54:30"]
[WhiteTeam "SSV Altenberg"]
[BlackTeam "Hamburger SK 1830"]
[PlyCount "61"]
[WhiteFideId "16278500"]
[BlackFideId "16287347"]
[EventCountry "GER"]
[EventRounds "7"]
[EventType "team-swiss"]
[EventDate "2023.12.26"]

1. e4 {[%clk 01:30:59]} {[%emt 00:00:01]} e5 {[%clk 01:30:55]} {[%emt
00:00:05]} 2. Nf3 {[%clk 01:31:22]} {[%emt 00:00:07]} Nc6 {[%clk 01:31:18]}
{[%emt 00:00:07]} 3. d4 {[%clk 01:31:47]} {[%emt 00:00:05]} exd4 {[%clk
01:31:37]} {[%emt 00:00:11]} 4. Bc4 {[%clk 01:32:10]} {[%emt 00:00:07]} Bc5
{[%clk 01:31:22]} {[%emt 00:00:45]} 5. c3 {[%clk 01:32:19]} {[%emt 00:00:22]}
dxc3 {[%emt 00:01:03]} 6. Bxf7+ {[%clk 01:32:24]} {[%emt 00:00:23]} Kxf7 {[%clk
01:27:24]} {[%emt 00:03:56]} 7. Qd5+ {[%clk 01:32:44]} {[%emt 00:00:08]} Kf8
{[%clk 01:27:18]} {[%emt 00:00:38]} 8. Qxc5+ {[%clk 01:32:40]} {[%emt
00:00:34]} d6 {[%clk 01:27:08]} {[%emt 00:00:40]} 9. Qxc3 {[%clk 01:32:55]}
{[%emt 00:00:15]} Nf6 {[%clk 01:27:04]} {[%emt 00:00:35]} 10. Qc2 {[%clk
01:19:18]} {[%emt 00:14:06]} Qe7 {[%clk 01:25:14]} {[%emt 00:02:20]} 11. Nc3
{[%clk 01:15:25]} {[%emt 00:04:23]} d5 {[%clk 01:23:47]} {[%emt 00:01:57]} 12.
O-O {[%clk 01:12:28]} {[%emt 00:03:27]} dxe4 {[%clk 01:23:10]} {[%emt
00:01:07]} 13. Re1 {[%clk 01:12:36]} {[%emt 00:00:22]} Bf5 {[%clk 01:22:54]}
{[%emt 00:00:46]} 14. Ng5 {[%clk 01:06:17]} {[%emt 00:06:49]} Re8 {[%clk
01:19:44]} {[%emt 00:03:40]} 15. Be3 {[%clk 00:56:00]} {[%emt 00:10:47]} Ng4
{[%clk 01:14:29]} {[%emt 00:05:45]} 16. Ncxe4 {[%clk 00:35:48]} {[%emt
00:20:42]} Nxe3 {[%clk 01:06:58]} {[%emt 00:08:01]} 17. Rxe3 {[%clk 00:36:04]}
{[%emt 00:00:14]} Qxg5 {[%clk 01:04:20]} {[%emt 00:03:08]} 18. Qc5+ {[%clk
00:34:53]} {[%emt 00:01:40]} Qe7 {[%clk 01:01:02]} {[%emt 00:03:48]} 19. Qxf5+
{[%clk 00:34:46]} {[%emt 00:00:38]} Kg8 {[%clk 00:59:04]} {[%emt 00:02:28]} 20.
Nf6+ {[%clk 00:31:50]} {[%emt 00:03:26]} gxf6 {[%clk 00:57:27]} {[%emt
00:02:07]} 21. Rxe7 {[%clk 00:32:09]} {[%emt 00:00:11]} Rxe7 {[%clk 00:57:49]}
{[%emt 00:00:07]} 22. Qxf6 {[%clk 00:31:55]} {[%emt 00:00:45]} Rf7 {[%clk
00:57:17]} {[%emt 00:01:02]} 23. Qg5+ {[%clk 00:31:30]} {[%emt 00:00:52]} Kf8
{[%clk 00:57:06]} {[%emt 00:00:44]} 24. Qc5+ {[%clk 00:30:20]} {[%emt
00:01:36]} Kg7 {[%clk 00:57:08]} {[%emt 00:00:32]} 25. Qc3+ {[%clk 00:29:54]}
{[%emt 00:00:54]} Rf6 {[%clk 00:55:21]} {[%emt 00:02:19]} 26. Qg3+ {[%clk
00:28:40]} {[%emt 00:01:41]} Kf7 {[%clk 00:55:23]} {[%emt 00:00:31]} 27. Qxc7+
{[%clk 00:28:59]} {[%emt 00:00:10]} Kg6 {[%clk 00:55:44]} {[%emt 00:00:09]} 28.
Qg3+ {[%clk 00:27:58]} {[%emt 00:01:30]} Kh6 {[%clk 00:55:49]} {[%emt
00:00:26]} 29. Re1 {[%clk 00:26:49]} {[%emt 00:01:39]} Rd8 {[%clk 00:55:17]}
{[%emt 00:01:03]} 30. h3 {[%clk 00:26:25]} {[%emt 00:00:54]} Rfd6 {[%clk
00:54:30]} {[%emt 00:01:17]} 31. Re4 {[%clk 00:24:20]} {[%emt 00:02:34]} 1-0

[Event "DVM U16w 2023"]
[Site "Magdeburg GER"]
[Date "2023.12.29"]
[Round "6"]
[White "Einacker, Anika"]
[Black "Eger, Nora"]
[Result "1/2-1/2"]
[Termination "normal"]
[Board "3.4"]
[WhiteElo "1211"]
[BlackElo "1272"]
[WhiteClock "00:08:14"]
[BlackClock "00:14:00"]
[WhiteTeam "Hamburger SK 1830"]
[BlackTeam "SSV Altenberg"]
[PlyCount "62"]
[WhiteFideId "34620591"]
[BlackFideId "34605827"]
[EventCountry "GER"]
[EventRounds "7"]
[EventType "team-swiss"]
[EventDate "2023.12.26"]

1. e4 {[%clk 01:30:57]} {[%emt 00:00:01]} d6 {[%clk 01:30:49]} {[%emt
00:00:13]} 2. d4 {[%clk 01:31:18]} {[%emt 00:00:08]} Nf6 {[%clk 01:31:06]}
{[%emt 00:00:13]} 3. Nc3 {[%clk 01:31:40]} {[%emt 00:00:07]} g6 {[%clk
01:31:27]} {[%emt 00:00:10]} 4. f4 {[%clk 01:31:40]} {[%emt 00:00:30]} Bg7
{[%clk 01:31:07]} {[%emt 00:00:51]} 5. Nf3 {[%clk 01:31:48]} {[%emt 00:00:21]}
O-O {[%clk 01:29:53]} {[%emt 00:01:44]} 6. Bd3 {[%clk 01:28:34]} {[%emt
00:03:43]} c5 {[%clk 01:26:59]} {[%emt 00:03:26]} 7. e5 {[%clk 01:26:43]}
{[%emt 00:02:20]} Ne8 {[%clk 01:25:22]} {[%emt 00:02:08]} 8. Be3 {[%clk
01:19:31]} {[%emt 00:07:39]} cxd4 {[%clk 01:23:06]} {[%emt 00:02:48]} 9. Bxd4
{[%clk 01:16:17]} {[%emt 00:03:43]} Nc6 {[%clk 01:22:20]} {[%emt 00:01:17]} 10.
Bc4 {[%clk 01:13:10]} {[%emt 00:03:37]} e6 {[%clk 01:12:35]} {[%emt 00:10:15]}
11. O-O {[%clk 01:02:36]} {[%emt 00:11:03]} Nxd4 {[%clk 01:10:28]} {[%emt
00:02:38]} 12. Qxd4 {[%clk 01:02:08]} {[%emt 00:00:57]} Qc7 {[%clk 01:01:26]}
{[%emt 00:09:30]} 13. Rfe1 {[%clk 00:55:34]} {[%emt 00:07:07]} dxe5 {[%clk
00:58:39]} {[%emt 00:03:16]} 14. fxe5 {[%clk 00:45:27]} {[%emt 00:10:37]} Nd6
{[%clk 00:53:28]} {[%emt 00:05:40]} 15. Bxe6 {[%clk 00:37:21]} {[%emt
00:08:38]} Bxe6 {[%clk 00:47:37]} {[%emt 00:06:22]} 16. Qxd6 {[%clk 00:36:45]}
{[%emt 00:01:05]} Rac8 {[%clk 00:36:35]} {[%emt 00:11:32]} 17. Qxc7 {[%clk
00:32:50]} {[%emt 00:04:25]} Rxc7 {[%clk 00:36:36]} {[%emt 00:00:30]} 18. Nd4
{[%clk 00:31:59]} {[%emt 00:01:20]} Re8 {[%clk 00:31:02]} {[%emt 00:06:04]} 19.
Re3 {[%clk 00:22:44]} {[%emt 00:09:44]} a6 {[%clk 00:28:42]} {[%emt 00:02:51]}
20. a3 {[%clk 00:19:31]} {[%emt 00:03:43]} Rce7 {[%clk 00:25:33]} {[%emt
00:03:39]} 21. Rae1 {[%clk 00:19:01]} {[%emt 00:01:00]} Bd7 {[%clk 00:21:28]}
{[%emt 00:04:35]} 22. Nf3 {[%clk 00:13:15]} {[%emt 00:06:15]} Bc6 {[%clk
00:18:42]} {[%emt 00:03:16]} 23. Kf2 {[%clk 00:09:44]} {[%emt 00:04:01]} Bxf3
{[%clk 00:17:58]} {[%emt 00:01:15]} 24. Kxf3 {[%clk 00:10:05]} {[%emt
00:00:09]} Rxe5 {[%clk 00:16:38]} {[%emt 00:01:50]} 25. Rxe5 {[%clk 00:07:03]}
{[%emt 00:03:31]} Rxe5 {[%clk 00:16:12]} {[%emt 00:00:57]} 26. Rxe5 {[%clk
00:07:06]} {[%emt 00:00:26]} Bxe5 {[%clk 00:16:36]} {[%emt 00:00:07]} 27. h3
{[%clk 00:07:16]} {[%emt 00:00:20]} Kf8 {[%clk 00:16:24]} {[%emt 00:00:43]} 28.
Ke4 {[%clk 00:07:21]} {[%emt 00:00:23]} Bxc3 {[%clk 00:14:27]} {[%emt
00:02:29]} 29. bxc3 {[%clk 00:07:39]} {[%emt 00:00:11]} Ke7 {[%clk 00:14:09]}
{[%emt 00:00:48]} 30. Ke5 {[%clk 00:07:56]} {[%emt 00:00:12]} f6+ {[%clk
00:13:36]} {[%emt 00:01:04]} 31. Kd5 {[%clk 00:08:14]} {[%emt 00:00:12]} Kd7
{[%clk 00:14:00]} {[%emt 00:00:07]} 1/2-1/2

[Event "DVM U16w 2023"]
[Site "Magdeburg GER"]
[Date "2023.12.29"]
[Round "6"]
[White "Prokscha, Charlotte"]
[Black "Moldovan, Tatiana"]
[Result "0-1"]
[Termination "normal"]
[Board "4.1"]
[WhiteElo "1341"]
[BlackElo "1590"]
[WhiteClock "00:27:06"]
[BlackClock "01:20:38"]
[WhiteTeam "SC Garching 1980"]
[BlackTeam "SG Königskinder Hohentübingen"]
[PlyCount "100"]
[WhiteFideId "34614699"]
[BlackFideId "16287398"]
[EventCountry "GER"]
[EventRounds "7"]
[EventType "team-swiss"]
[EventDate "2023.12.26"]

1. d4 {[%clk 01:30:58]} {[%emt 00:00:01]} Nf6 {[%clk 01:30:31]} {[%emt
00:00:29]} 2. Bf4 {[%clk 01:31:18]} {[%emt 00:00:10]} e6 {[%clk 01:30:38]}
{[%emt 00:00:23]} 3. e3 {[%clk 01:31:36]} {[%emt 00:00:12]} b6 {[%clk
01:30:00]} {[%emt 00:01:08]} 4. Nf3 {[%clk 01:31:42]} {[%emt 00:00:25]} Bb7
{[%clk 01:30:02]} {[%emt 00:00:28]} 5. Nbd2 {[%clk 01:31:27]} {[%emt 00:00:44]}
c5 {[%clk 01:27:36]} {[%emt 00:02:56]} 6. c3 {[%clk 01:31:48]} {[%emt
00:00:08]} d6 {[%clk 01:26:16]} {[%emt 00:01:51]} 7. Be2 {[%clk 01:29:30]}
{[%emt 00:02:47]} Be7 {[%clk 01:26:28]} {[%emt 00:00:19]} 8. h3 {[%clk
01:29:25]} {[%emt 00:00:35]} Nbd7 {[%clk 01:25:08]} {[%emt 00:01:51]} 9. Rc1
{[%clk 01:27:33]} {[%emt 00:02:20]} Rc8 {[%clk 01:20:39]} {[%emt 00:05:00]} 10.
O-O {[%clk 01:23:03]} {[%emt 00:05:00]} O-O {[%clk 01:19:05]} {[%emt 00:02:04]}
11. Re1 {[%clk 01:18:13]} {[%emt 00:05:20]} Re8 {[%clk 01:15:19]} {[%emt
00:04:16]} 12. Nc4 {[%clk 01:00:46]} {[%emt 00:17:56]} Nf8 {[%clk 01:11:34]}
{[%emt 00:04:15]} 13. dxc5 {[%clk 00:55:34]} {[%emt 00:05:42]} dxc5 {[%clk
01:11:13]} {[%emt 00:00:52]} 14. Qxd8 {[%clk 00:55:34]} {[%emt 00:00:30]} Rexd8
{[%clk 01:11:28]} {[%emt 00:00:14]} 15. Nce5 {[%clk 00:55:28]} {[%emt
00:00:36]} Nd5 {[%clk 01:10:03]} {[%emt 00:01:55]} 16. Bh2 {[%clk 00:52:03]}
{[%emt 00:03:56]} Bd6 {[%clk 01:07:36]} {[%emt 00:02:58]} 17. Rcd1 {[%clk
00:46:11]} {[%emt 00:06:20]} f6 {[%clk 01:06:46]} {[%emt 00:01:20]} 18. Nc4
{[%clk 00:45:20]} {[%emt 00:01:21]} Bxh2+ {[%clk 01:07:09]} {[%emt 00:00:07]}
19. Kxh2 {[%clk 00:45:32]} {[%emt 00:00:19]} Ba6 {[%clk 01:03:09]} {[%emt
00:04:30]} 20. Ncd2 {[%clk 00:41:52]} {[%emt 00:04:09]} Bxe2 {[%clk 00:58:29]}
{[%emt 00:05:10]} 21. Rxe2 {[%clk 00:42:13]} {[%emt 00:00:09]} Nc7 {[%clk
00:58:23]} {[%emt 00:00:37]} 22. Ree1 {[%clk 00:41:53]} {[%emt 00:00:49]} Rd7
{[%clk 00:58:32]} {[%emt 00:00:21]} 23. Nb3 {[%clk 00:40:22]} {[%emt 00:02:01]}
Rcd8 {[%clk 00:58:34]} {[%emt 00:00:29]} 24. Rxd7 {[%clk 00:40:18]} {[%emt
00:00:34]} Rxd7 {[%clk 00:58:57]} {[%emt 00:00:07]} 25. Re2 {[%clk 00:39:45]}
{[%emt 00:01:02]} Nb5 {[%clk 00:57:52]} {[%emt 00:01:35]} 26. Rd2 {[%clk
00:38:55]} {[%emt 00:01:20]} Nd6 {[%clk 00:57:52]} {[%emt 00:00:30]} 27. g3
{[%clk 00:33:59]} {[%emt 00:05:28]} Nc4 {[%clk 00:57:55]} {[%emt 00:00:24]} 28.
Rc2 {[%clk 00:33:45]} {[%emt 00:00:44]} Ng6 {[%clk 00:58:06]} {[%emt 00:00:21]}
29. Nbd2 {[%clk 00:28:29]} {[%emt 00:05:45]} Nge5 {[%clk 00:56:42]} {[%emt
00:01:55]} 30. Nxe5 {[%clk 00:26:21]} {[%emt 00:02:37]} Nxe5 {[%clk 00:57:05]}
{[%emt 00:00:07]} 31. Kg2 {[%clk 00:22:24]} {[%emt 00:04:27]} Kf7 {[%clk
00:53:38]} {[%emt 00:03:58]} 32. b3 {[%clk 00:19:54]} {[%emt 00:02:59]} Ke7
{[%clk 00:52:07]} {[%emt 00:02:02]} 33. c4 {[%clk 00:16:55]} {[%emt 00:03:29]}
Nd3 {[%clk 00:51:41]} {[%emt 00:00:56]} 34. Nf3 {[%clk 00:14:46]} {[%emt
00:02:38]} e5 {[%clk 00:51:19]} {[%emt 00:00:52]} 35. Kf1 {[%clk 00:14:38]}
{[%emt 00:00:37]} Nb4 {[%clk 00:51:10]} {[%emt 00:00:40]} 36. Re2 {[%clk
00:10:24]} {[%emt 00:04:44]} Rd1+ {[%clk 00:51:28]} {[%emt 00:00:12]} 37. Re1
{[%clk 00:09:53]} {[%emt 00:01:02]} Rxe1+ {[%clk 00:51:34]} {[%emt 00:00:23]}
38. Nxe1 {[%clk 00:10:11]} {[%emt 00:00:12]} Nxa2 {[%clk 00:51:54]} {[%emt
00:00:10]} 39. Nd3 {[%clk 00:09:54]} {[%emt 00:00:41]} Nb4 {[%clk 00:52:01]}
{[%emt 00:00:28]} 40. Nxb4 {[%clk 00:09:34]} {[%emt 00:00:51]} cxb4 {[%clk
00:52:26]} {[%emt 00:00:06]} 41. Ke1 {[%clk 00:09:05]} {[%emt 00:00:58]} a5
{[%clk 00:52:21]} {[%emt 00:00:35]} 42. Kd2 {[%clk 00:09:19]} {[%emt 00:00:16]}
Kd6 {[%clk 00:52:40]} {[%emt 00:00:12]} 43. f3 {[%clk 00:08:09]} {[%emt
00:01:39]} e4 {[%clk 00:50:59]} {[%emt 00:02:12]} 44. f4 {[%clk 00:08:04]}
{[%emt 00:00:35]} h5 {[%clk 00:49:35]} {[%emt 00:01:54]} 45. Kc2 {[%clk
00:05:28]} {[%emt 00:03:05]} g5 {[%clk 00:49:28]} {[%emt 00:00:38]} 46. Kb2
{[%clk 00:02:59]} {[%emt 00:02:58]} g4 {[%clk 00:49:35]} {[%emt 00:00:23]} 47.
h4 {[%clk 00:02:24]} {[%emt 00:01:06]} f5 {[%clk 00:49:55]} {[%emt 00:00:10]}
48. Kc2 {[%clk 00:00:39]} {[%emt 00:02:14]} Kc5 {[%clk 00:50:17]} {[%emt
00:00:08]} 49. Kb2 {[%clk 00:29:45]} {[%emt 00:01:24]} b5 {[%clk 01:20:38]}
{[%emt 00:00:10]} 50. cxb5 {[%clk 00:27:06]} {[%emt 00:03:09]} Kxb5 {[%emt
00:04:33]} 0-1

[Event "DVM U16w 2023"]
[Site "Magdeburg GER"]
[Date "2023.12.29"]
[Round "6"]
[White "Huber, Laura"]
[Black "Agalykova, Angelina"]
[Result "1-0"]
[Termination "normal"]
[Board "4.3"]
[WhiteElo "1417"]
[BlackElo "1542"]
[WhiteClock "00:03:24"]
[BlackClock "00:02:57"]
[WhiteTeam "SC Garching 1980"]
[BlackTeam "SG Königskinder Hohentübingen"]
[PlyCount "67"]
[WhiteFideId "16270940"]
[BlackFideId "13809571"]
[EventCountry "GER"]
[EventRounds "7"]
[EventType "team-swiss"]
[EventDate "2023.12.26"]

1. e4 {[%clk 01:30:59]} c5 {[%clk 01:28:56]} {[%emt 00:02:04]} 2. Nc3 {[%clk
01:31:19]} {[%emt 00:00:11]} g6 {[%clk 01:29:10]} {[%emt 00:00:15]} 3. f4
{[%clk 01:31:40]} {[%emt 00:00:10]} Bg7 {[%clk 01:28:45]} {[%emt 00:00:54]} 4.
Nf3 {[%clk 01:31:25]} {[%emt 00:00:45]} d6 {[%clk 01:28:21]} {[%emt 00:00:54]}
5. Bb5+ {[%clk 01:30:46]} {[%emt 00:01:09]} Nc6 {[%clk 01:28:24]} {[%emt
00:00:27]} 6. Bxc6+ {[%clk 01:30:28]} {[%emt 00:00:48]} bxc6 {[%clk 01:28:46]}
{[%emt 00:00:08]} 7. O-O {[%clk 01:30:30]} {[%emt 00:00:28]} h6 {[%clk
01:19:04]} {[%emt 00:10:12]} 8. d3 {[%clk 01:30:04]} {[%emt 00:00:55]} Rb8
{[%clk 01:18:25]} {[%emt 00:01:10]} 9. Qe1 {[%clk 01:28:43]} {[%emt 00:01:52]}
Nf6 {[%clk 01:15:35]} {[%emt 00:03:19]} 10. Nh4 {[%clk 01:23:30]} {[%emt
00:05:43]} Qb6 {[%clk 01:06:46]} {[%emt 00:09:19]} 11. Kh1 {[%clk 01:22:22]}
{[%emt 00:01:38]} e6 {[%clk 00:54:29]} {[%emt 00:12:47]} 12. f5 {[%clk
01:09:09]} {[%emt 00:13:43]} g5 {[%clk 00:53:30]} {[%emt 00:01:29]} 13. fxe6
{[%clk 01:03:56]} {[%emt 00:05:43]} Bxe6 {[%clk 00:46:16]} {[%emt 00:07:44]}
14. Nf5 {[%clk 01:01:22]} {[%emt 00:03:04]} Bxf5 {[%clk 00:46:10]} {[%emt
00:00:36]} 15. Rxf5 {[%clk 00:52:48]} {[%emt 00:09:05]} O-O {[%clk 00:41:03]}
{[%emt 00:05:36]} 16. Qg3 {[%clk 00:47:54]} {[%emt 00:05:24]} Ne8 {[%clk
00:26:56]} {[%emt 00:14:36]} 17. h4 {[%clk 00:44:33]} {[%emt 00:03:52]} f6
{[%clk 00:18:14]} {[%emt 00:09:12]} 18. b3 {[%clk 00:31:33]} {[%emt 00:13:31]}
Qd8 {[%clk 00:13:22]} {[%emt 00:05:21]} 19. Bb2 {[%clk 00:29:47]} {[%emt
00:02:16]} Bh8 {[%clk 00:12:00]} {[%emt 00:01:53]} 20. Raf1 {[%clk 00:27:08]}
{[%emt 00:03:09]} Ng7 {[%clk 00:11:36]} {[%emt 00:00:53]} 21. R5f3 {[%clk
00:25:09]} {[%emt 00:02:29]} Nh5 {[%clk 00:10:41]} {[%emt 00:01:25]} 22. Qg4
{[%clk 00:23:49]} {[%emt 00:01:50]} Qe8 {[%clk 00:10:04]} {[%emt 00:01:06]} 23.
Nd1 {[%clk 00:20:13]} {[%emt 00:04:07]} Qg6 {[%clk 00:07:33]} {[%emt 00:03:01]}
24. Ne3 {[%clk 00:14:01]} {[%emt 00:06:43]} Kh7 {[%clk 00:07:06]} {[%emt
00:00:56]} 25. Nf5 {[%clk 00:10:02]} {[%emt 00:04:29]} Rg8 {[%clk 00:06:51]}
{[%emt 00:00:45]} 26. Ne7 {[%clk 00:09:45]} {[%emt 00:00:47]} Qf7 {[%clk
00:05:57]} {[%emt 00:01:19]} 27. Nxg8 {[%clk 00:09:46]} {[%emt 00:00:33]} Rxg8
{[%clk 00:05:58]} {[%emt 00:00:29]} 28. Qf5+ {[%clk 00:09:21]} {[%emt
00:00:56]} Rg6 {[%clk 00:04:55]} {[%emt 00:01:34]} 29. hxg5 {[%clk 00:08:38]}
{[%emt 00:01:13]} Ng7 {[%clk 00:04:50]} {[%emt 00:00:34]} 30. Qf4 {[%clk
00:06:40]} {[%emt 00:02:28]} Nh5 {[%clk 00:04:29]} {[%emt 00:00:51]} 31. Qxd6
{[%clk 00:05:40]} {[%emt 00:01:30]} Rxg5 {[%clk 00:03:41]} {[%emt 00:01:18]}
32. Kg1 {[%clk 00:05:09]} {[%emt 00:01:01]} Qg7 {[%clk 00:03:06]} {[%emt
00:01:04]} 33. R1f2 {[%clk 00:04:58]} {[%emt 00:00:42]} Rg6 {[%clk 00:02:57]}
{[%emt 00:00:39]} 34. Qxc6 {[%clk 00:03:24]} {[%emt 00:02:04]} *

[Event "DVM U16w 2023"]
[Site "Magdeburg GER"]
[Date "2023.12.29"]
[Round "6"]
[White "Luzgina, Anastasiia"]
[Black "Muhina, Alina"]
[Result "0-1"]
[Termination "normal"]
[Board "4.4"]
[WhiteElo "1362"]
[BlackElo "1210"]
[WhiteClock "00:02:43"]
[BlackClock "00:59:07"]
[WhiteTeam "SG Königskinder Hohentübingen"]
[BlackTeam "SC Garching 1980"]
[PlyCount "54"]
[WhiteFideId "24280860"]
[BlackFideId "16298322"]
[EventCountry "GER"]
[EventRounds "7"]
[EventType "team-swiss"]
[EventDate "2023.12.26"]

1. d4 {[%clk 01:30:58]} {[%emt 00:00:01]} d5 {[%clk 01:30:57]} {[%emt
00:00:04]} 2. c4 {[%clk 01:31:15]} {[%emt 00:00:12]} e6 {[%clk 01:31:24]}
{[%emt 00:00:04]} 3. Nf3 {[%clk 01:31:25]} {[%emt 00:00:19]} f5 {[%clk
01:31:48]} {[%emt 00:00:07]} 4. Bf4 {[%clk 01:31:24]} {[%emt 00:00:28]} Nf6
{[%clk 01:32:13]} {[%emt 00:00:08]} 5. Nc3 {[%clk 01:31:37]} {[%emt 00:00:18]}
c6 {[%clk 01:31:55]} {[%emt 00:00:48]} 6. e3 {[%clk 01:31:59]} {[%emt
00:00:07]} Be7 {[%clk 01:31:48]} {[%emt 00:00:37]} 7. Bd3 {[%clk 01:31:26]}
{[%emt 00:01:02]} O-O {[%clk 01:32:13]} {[%emt 00:00:06]} 8. O-O {[%clk
01:31:39]} {[%emt 00:00:16]} Nbd7 {[%clk 01:32:03]} {[%emt 00:00:41]} 9. Rc1
{[%clk 01:30:43]} {[%emt 00:01:25]} Ne4 {[%clk 01:30:10]} {[%emt 00:02:24]} 10.
h3 {[%clk 01:24:08]} {[%emt 00:07:03]} g5 {[%clk 01:26:04]} {[%emt 00:04:38]}
11. Bh2 {[%clk 01:24:22]} {[%emt 00:00:14]} Rf6 {[%clk 01:24:49]} {[%emt
00:01:46]} 12. cxd5 {[%clk 01:09:55]} {[%emt 00:14:58]} exd5 {[%clk 01:19:58]}
{[%emt 00:05:21]} 13. Ne5 {[%clk 01:04:06]} {[%emt 00:06:18]} Nxe5 {[%clk
01:14:52]} {[%emt 00:05:37]} 14. Bxe5 {[%clk 01:04:20]} {[%emt 00:00:16]} Rh6
{[%clk 01:15:11]} {[%emt 00:00:11]} 15. f3 {[%clk 00:50:35]} {[%emt 00:14:14]}
Nxc3 {[%clk 01:12:00]} {[%emt 00:03:42]} 16. bxc3 {[%clk 00:50:47]} {[%emt
00:00:17]} Bd6 {[%clk 01:10:33]} {[%emt 00:01:58]} 17. Qc2 {[%clk 00:40:06]}
{[%emt 00:11:11]} Bxe5 {[%clk 01:07:06]} {[%emt 00:03:57]} 18. dxe5 {[%clk
00:40:24]} {[%emt 00:00:12]} g4 {[%clk 01:02:14]} {[%emt 00:05:21]} 19. Bxf5
{[%clk 00:09:11]} {[%emt 00:31:42]} gxh3 {[%clk 01:02:08]} {[%emt 00:00:38]}
20. gxh3 {[%clk 00:05:35]} {[%emt 00:04:05]} Qg5+ {[%clk 01:02:15]} {[%emt
00:00:23]} 21. Bg4 {[%clk 00:05:53]} {[%emt 00:00:12]} Rxh3 {[%clk 01:01:05]}
{[%emt 00:01:41]} 22. Rf2 {[%clk 00:01:48]} {[%emt 00:04:34]} Bxg4 {[%clk
01:00:46]} {[%emt 00:00:49]} 23. fxg4 {[%emt 00:00:12]} Qxe3 {[%clk 01:00:46]}
{[%emt 00:00:29]} 24. Rcf1 {[%clk 00:02:13]} {[%emt 00:00:25]} Rf8 {[%clk
00:59:08]} {[%emt 00:02:08]} 25. Qd2 {[%clk 00:01:52]} {[%emt 00:00:51]} Qg3+
{[%clk 00:58:23]} {[%emt 00:01:15]} 26. Rg2 {[%clk 00:02:15]} {[%emt 00:00:06]}
Rxf1+ {[%clk 00:58:45]} {[%emt 00:00:08]} 27. Kxf1 {[%clk 00:02:43]} {[%emt
00:00:02]} Rh1+ {[%clk 00:59:07]} {[%emt 00:00:09]} 0-1